| 000 | 00345nam a2200121Ia 4500 | ||
|---|---|---|---|
| 008 | 220217s9999||||xx |||||||||||||| ||und|| | ||
| 082 | _a621.385 1 NAI | ||
| 100 |
_aNair, Somanathan, B _92632 |
||
| 245 | 0 | _aTransmission lines and wave guides | |
| 260 |
_aSanguin publication _bNew Delhi _c2007 |
||
| 300 | _b240 | ||
| 650 | _aNETWORK ANALYSIS | ||
| 999 |
_c175544 _d175544 |
||